|
|
|
|
| LEADER |
00000nam2a2200000 4500 |
| 001 |
328967 |
| 005 |
20231102004120.0 |
| 035 |
|
|
|a (RuTPU)RU\TPU\book\354707
|
| 035 |
|
|
|a RU\TPU\book\354684
|
| 090 |
|
|
|a 328967
|
| 100 |
|
|
|a 20170301d1964 k y0rusy50 ca
|
| 101 |
0 |
|
|a rus
|
| 102 |
|
|
|a RU
|
| 105 |
|
|
|a a z 001zy
|
| 200 |
0 |
|
|a Вып. 5 (47) : Эффективность механизации подъемно-транспортных работ. Однорельсовые подвесные дороги
|f под ред. В. С. Коновалова
|
| 210 |
|
|
|d 1964
|
| 215 |
|
|
|a 120 с.
|c ил.
|
| 320 |
|
|
|a Библиогр. в конце ст.
|
| 461 |
|
1 |
|0 (RuTPU)RU\TPU\book\164893
|t Труды Всесоюзного научно-исследовательского института подъемно-транспортного машиностроения (ВНИИПТМАШ)
|o [сборник]
|f Всесоюзный научно-исследовательский институт подъемно-транспортного машиностроения (ВНИИПТМАШ)
|v Вып. 5 (47) : Эффективность механизации подъемно-транспортных работ. Однорельсовые подвесные дороги
|d 1960-
|
| 606 |
1 |
|
|a Подъемно-транспортная техника
|2 stltpush
|3 (RuTPU)RU\TPU\subj\49807
|9 68571
|
| 606 |
1 |
|
|a Подвесные дороги однорельсовые
|2 stltpush
|3 (RuTPU)RU\TPU\subj\49587
|9 68373
|
| 610 |
1 |
|
|a механизация
|
| 610 |
1 |
|
|a погрузочно-разгрузочные работы
|
| 610 |
1 |
|
|a подъемно-транспортные работы
|
| 610 |
1 |
|
|a эффективность
|
| 610 |
1 |
|
|a методика
|
| 610 |
1 |
|
|a расчеты
|
| 675 |
|
|
|a 621.86
|v 4
|
| 675 |
|
|
|a 625.5
|v 4
|
| 702 |
|
1 |
|a Коновалов
|b В. С.
|4 340
|
| 801 |
|
1 |
|a RU
|b 63413507
|c 20170301
|
| 801 |
|
2 |
|a RU
|b 63413507
|c 20200207
|g RCR
|
| 942 |
|
|
|c BK
|